000 00701nam a2200289Ia 4500
005 20260324133740.0
008 008 260324s9999 xx 000 0 eng d
020 _a9781849771771
037 _aEBOOK
040 _aCRL
040 _beng
040 _cCRL
041 _2eng
041 _aeng
084 _qCRL
100 _aRobert D Bullard; Julian Agyeman; Bob Evans
_91194250
245 0 _aJust Sustainabilities
245 0 _bDevelopment in an Unequal World
260 _bTaylor and Francis
260 _c2003
365 _a
365 _b235
856 _uhttp://www.taylorfrancis.com/books/9781849771771
942 _cEBOOK
999 _c1793626
_d1793626